Tổng hợp và đánh giá hoạt tính sinh học của một số dẫn xuất naphthalene-benzimidazole : Báo cáo tổng kết đề tài nghiên cứu Khoa học của sinh viên
Tổng hợp 4 dẫn xuất naphthalene-benzimidazole, đánh giá hoạt tính sinh học ở mức độ in vitro của các dẫn xuất benzimidazole mới vừa tổng hợp được chủ yếu là độc tính đối với tế bào.
保存先:
| 第一著者: | |
|---|---|
| フォーマット: | 図書 |
| 言語: | Undetermined |
| 出版事項: |
Cần Thơ
Trường Đại học Cần Thơ
2016
|
| 主題: | |
| タグ: |
タグ追加
タグなし, このレコードへの初めてのタグを付けませんか!
|
| Thư viện lưu trữ: | Trung tâm Học liệu Trường Đại học Cần Thơ |
|---|
| LEADER | 01293nam a2200205Ia 4500 | ||
|---|---|---|---|
| 001 | CTU_223250 | ||
| 008 | 210402s9999 xx 000 0 und d | ||
| 082 | |a 615.19 | ||
| 082 | |b B312 | ||
| 088 | |a TSV2016-24 | ||
| 100 | |a Phùng, Văn Bình | ||
| 245 | 0 | |a Tổng hợp và đánh giá hoạt tính sinh học của một số dẫn xuất naphthalene-benzimidazole : | |
| 245 | 0 | |b Báo cáo tổng kết đề tài nghiên cứu Khoa học của sinh viên | |
| 245 | 0 | |c Phùng Văn Bình (Chủ nhiệm đề tài) ; Bùi Thị Bửu Huê (Người hướng dẫn) ; Lê Trọng Hiếu, Ngô Thị Cẩm Tuyết, Nguyễn Thị Ngọc Yến (Thành viên tham gia) | |
| 260 | |a Cần Thơ | ||
| 260 | |b Trường Đại học Cần Thơ | ||
| 260 | |c 2016 | ||
| 520 | |a Tổng hợp 4 dẫn xuất naphthalene-benzimidazole, đánh giá hoạt tính sinh học ở mức độ in vitro của các dẫn xuất benzimidazole mới vừa tổng hợp được chủ yếu là độc tính đối với tế bào. | ||
| 650 | |a Hóa dược và dược phẩm,Chemistry, medical and pharmaceutical | ||
| 980 | |a Trung tâm Học liệu Trường Đại học Cần Thơ | ||